<?xml version="1.0" encoding="UTF-8"?>
<record
    xmlns:xsi="http://www.w3.org/2001/XMLSchema-instance"
    xsi:schemaLocation="http://www.loc.gov/MARC21/slim http://www.loc.gov/standards/marcxml/schema/MARC21slim.xsd"
    xmlns="http://www.loc.gov/MARC21/slim">

  <leader>00585nam a22001697a 4500</leader>
  <controlfield tag="005">20231026081240.0</controlfield>
  <controlfield tag="008">231026b        |||||||| |||| 00| 0 eng d</controlfield>
  <datafield tag="020" ind1=" " ind2=" ">
    <subfield code="a">9780702125720</subfield>
  </datafield>
  <datafield tag="041" ind1=" " ind2=" ">
    <subfield code="a">English </subfield>
  </datafield>
  <datafield tag="082" ind1=" " ind2=" ">
    <subfield code="a">346.7 SOU</subfield>
  </datafield>
  <datafield tag="100" ind1=" " ind2=" ">
    <subfield code="a"> Malan FR, Oelofse AN and Pretorius JT</subfield>
    <subfield code="l">English</subfield>
  </datafield>
  <datafield tag="245" ind1=" " ind2=" ">
    <subfield code="a">South African Banking Legislation /</subfield>
    <subfield code="c">compiled and edited by FR Malan, AN Oelofse and JT Pretorius</subfield>
  </datafield>
  <datafield tag="260" ind1=" " ind2=" ">
    <subfield code="a">Cape Town :</subfield>
    <subfield code="b">Juta and Company (Pty) Ltd, </subfield>
    <subfield code="c">1991</subfield>
  </datafield>
  <datafield tag="300" ind1=" " ind2=" ">
    <subfield code="b">1053 pages ; </subfield>
    <subfield code="c">26, 6 cm.</subfield>
  </datafield>
  <datafield tag="650" ind1=" " ind2=" ">
    <subfield code="a">Legal practice </subfield>
    <subfield code="b">Law</subfield>
  </datafield>
  <datafield tag="942" ind1=" " ind2=" ">
    <subfield code="c">BK</subfield>
    <subfield code="6">ALISON_BN_VRIES</subfield>
  </datafield>
  <datafield tag="999" ind1=" " ind2=" ">
    <subfield code="c">71</subfield>
    <subfield code="d">71</subfield>
  </datafield>
  <datafield tag="952" ind1=" " ind2=" ">
    <subfield code="0">0</subfield>
    <subfield code="1">0</subfield>
    <subfield code="2">ddc</subfield>
    <subfield code="3">Volume 1 </subfield>
    <subfield code="4">0</subfield>
    <subfield code="6">346_700000000000000_SOU</subfield>
    <subfield code="7">0</subfield>
    <subfield code="8">TXBK</subfield>
    <subfield code="9">111</subfield>
    <subfield code="a">LSN</subfield>
    <subfield code="b">LSN</subfield>
    <subfield code="c">CPC</subfield>
    <subfield code="d">2023-10-26</subfield>
    <subfield code="l">0</subfield>
    <subfield code="o">346.7 SOU </subfield>
    <subfield code="p">LSN/1993/25</subfield>
    <subfield code="r">2023-10-26 00:00:00</subfield>
    <subfield code="w">2023-10-26</subfield>
    <subfield code="y">BK</subfield>
  </datafield>
  <datafield tag="952" ind1=" " ind2=" ">
    <subfield code="0">0</subfield>
    <subfield code="1">0</subfield>
    <subfield code="2">ddc</subfield>
    <subfield code="3">Volume 2</subfield>
    <subfield code="4">0</subfield>
    <subfield code="6">346_700000000000000_SOU</subfield>
    <subfield code="7">0</subfield>
    <subfield code="8">TXBK</subfield>
    <subfield code="9">112</subfield>
    <subfield code="a">LSN</subfield>
    <subfield code="b">LSN</subfield>
    <subfield code="c">CPC</subfield>
    <subfield code="d">2023-10-26</subfield>
    <subfield code="l">0</subfield>
    <subfield code="o">346.7 SOU</subfield>
    <subfield code="p">LSN/2010/8</subfield>
    <subfield code="r">2023-10-26 00:00:00</subfield>
    <subfield code="w">2023-10-26</subfield>
    <subfield code="y">BK</subfield>
  </datafield>
  <datafield tag="952" ind1=" " ind2=" ">
    <subfield code="0">0</subfield>
    <subfield code="1">0</subfield>
    <subfield code="2">ddc</subfield>
    <subfield code="3">Volume 3 </subfield>
    <subfield code="4">0</subfield>
    <subfield code="6">346_700000000000000_SOU</subfield>
    <subfield code="7">0</subfield>
    <subfield code="8">TXBK</subfield>
    <subfield code="9">1299</subfield>
    <subfield code="a">LSN</subfield>
    <subfield code="b">LSN</subfield>
    <subfield code="c">CPC</subfield>
    <subfield code="d">2023-11-30</subfield>
    <subfield code="l">0</subfield>
    <subfield code="o">346.7 SOU</subfield>
    <subfield code="p">LSN/2022/66</subfield>
    <subfield code="r">2023-11-30 00:00:00</subfield>
    <subfield code="w">2023-11-30</subfield>
    <subfield code="y">BK</subfield>
  </datafield>
</record>
